000 00880cam a2200241 a 4500
001 000005777
005 20200929151800.0
008 760824s1966 uy 001 1 spa
040 _aDO-SdBNP
_cFU
_dDLC
050 0 0 _aPQ8519.C5
_bL3 1966
082 _aU863.4
_bC576l
100 1 _aCione, Otto Miguel,
_d1875-1945.
_916350
245 1 0 _aLauracha /
_cOtto Miguel Cione ; prólogo, Arturo Sergio Visca.
260 _aMontevideo, Uruguay :
_bMinisterio de Instrucción Pública y Previsión Social,
_c1966.
300 _axxxvii, 233 p. ;
_c20 cm.
490 0 _aBiblioteca Artigas.
490 1 _aClásicos uruguayos
_v109
650 4 _aNovela uruguaya
_95679
650 4 _aLiteratura uruguaya
_ySIGLO XIX
_916344
650 4 _aLiteratura latinoamericana
_ySIGLO XIX
_916348
830 0 _aBiblioteca Artigas.
_pclásicos uruguayos ;
_v109
_916286
910 _aCatalogación por copia / LC
999 _c5573
_d5573